000 00661nam a2200205Ii 4500
003 JO-AjNU
008 230605s9999||||xx |||||||||||||| ||und||
040 _aJO-AjNU
_bara
_erda
_cJO-AjNU
041 _aara
050 1 4 _aBF697.5.2004
100 3 _aالمغازي، ابراهيم محمد,
_eauthor
_939391
245 0 0 _aمفهوم الذات والمجتمع
250 _aط1
264 3 1 _aالمنصورة:مكتبة جزيرة الورد ،2004
300 _a94ص
336 _atext
_btxt
_2rdacontent
337 _aunmediated
_bn
_2rdamedia
338 _avolume
_bnc
_2rdacarrier
650 4 _aالذات-المجتمع-علم نفس تربوي
_939392
999 _aA16632
_c20200
_d20200